LIBRARY & INFORMATION CENTRE, KCAET, TAVANUR

ONLINE PUBLIC ACCESS CATALOGUE (OPAC)

Developing and Improving Irrigation and Drainage Systems: Selected Papers from World Bank Seminars / (Record no. 10294)

MARC details
000 -LEADER
fixed length control field 00426cam a2200133ua 4500
082 ## - DEWEY DECIMAL CLASSIFICATION NUMBER
Classification number 028.74631
Item number MOI/DE
100 ## - MAIN ENTRY--AUTHOR NAME
Personal name Moigne, Guyle .
245 ## - TITLE STATEMENT
Title Developing and Improving Irrigation and Drainage Systems: Selected Papers from World Bank Seminars /
260 ## - PUBLICATION, DISTRIBUTION, ETC. (IMPRINT)
Place of publication Washington D C :
Name of publisher World Bank ,
Year of publication 1992.
300 ## - PHYSICAL DESCRIPTION
Number of Pages 170 ; .
700 1# - ADDED ENTRY--PERSONAL NAME
Personal name Barghuoti, Shawki .
700 1# - ADDED ENTRY--PERSONAL NAME
Personal name Garbus, Lisa .
942 ## - ADDED ENTRY ELEMENTS (KOHA)
Koha item type Books
Holdings
Withdrawn status Lost status Damaged status Home library Current library Date acquired Full call number Accession Number Koha item type
      KAUAET KAUAET 07/04/2012 028.74631 18421 Reference
free website counter